Best Fantasy Quarterback Each Year - Statistics

General Stats
  • This quiz has been taken 37 times
  • The average score is 20 of 29
Answer Stats
Year Team Total Points Player % Correct
2024 Ravens 434.4 Lamar Jackson
100%
2016 Packers 387 Aaron Rodgers
97%
2023 Bills 410.6 Josh Allen
97%
2022 Chiefs 428.4 Patrick Mahomes
97%
2013 Broncos 420 Peyton Manning
97%
2007 Patriots 398 Tom Brady
97%
2012 Saints 364.6 Drew Brees
94%
1997 Packers 303.4 Brett Favre
91%
2015 Panthers 399.1 Cam Newton
91%
1985 49ers 274.4 Joe Montana
91%
2017 Seahawks 358.9 Russell Wilson
91%
2014 Colts 367.7 Andrew Luck
88%
1998 49ers 380.2 Steve Young
85%
1986 Dolphins 342.5 Dan Marino
82%
2001 Rams 323.2 Kurt Warner
82%
2010 Eagles 316.3 Michael Vick
76%
2004 Vikings 384.3 Daunte Culpepper
73%
1991 Bills 279.3 Jim Kelly
70%
2005 Bengals 277.5 Carson Palmer
64%
1990 Eagles 369.8 Randall Cunningham
58%
1981 Chargers 312.7 Dan Fouts
48%
1977 Cowboys 202.9 Roger Staubach
48%
1979 Patriots 272.2 Steve Grogan
33%
1989 Packers 326.5 Don Majkowski
30%
1978 Seahawks 236.3 Jim Zorn
30%
1970 49ers 218.5 John Brodie
27%
1975 Bengals 230.6 Ken Anderson
27%
1983 Packers 296.5 Lynn Dickey
18%
1972 Lions 244 Greg Landry
15%
No matching quizzes found
Score Distribution
Percent of People with Each Score
Percentile by Number Answered
Your Score History
You have not taken this quiz